[Event "European Youth Chess Championship G14"]
[Site "Prague, Top Hotel Prague"]
[Date "2012.08.24"]
[Round "8.10"]
[White "Mokshanova, Elizaveta"]
[Black "Lahav, Michal"]
[Result "1-0"]
[WhiteElo "1859"]
[BlackElo "1744"]
[PlyCount "0"]
[EventDate "2012.08.17"]

1. e4 {[%clk 1:30:58]} e6 {[%clk 1:30:58]} 2. d4 {[%clk 1:31:22]} d5
{[%clk 1:31:22]} 3. Nc3 {[%clk 1:31:46]} Bb4 {[%clk 1:31:39]} 4. a3
{[%clk 1:32:03]} Bxc3+ {[%clk 1:31:17]} 5. bxc3 {[%clk 1:32:27]} dxe4
{[%clk 1:31:23]} 6. Qg4 {[%clk 1:32:42]} Nf6 {[%clk 1:31:24]} 7. Qxg7 Rg8
{[%clk 1:31:22]} 8. Qh6 {[%clk 1:33:19]} Nc6 {[%clk 1:28:29]} 9. Nh3
{[%clk 1:27:48]} Rg6 {[%clk 1:21:52]} 10. Qd2 {[%clk 1:26:01]} e5
{[%clk 1:18:50]} 11. Bb2 {[%clk 1:18:47]} Bf5 {[%clk 1:08:57]} 12. O-O-O
{[%clk 1:13:26]} Qd7 {[%clk 1:04:54]} 13. dxe5 {[%clk 1:03:27]} Nxe5
{[%clk 1:03:54]} 14. Qf4 {[%clk 1:02:35]} Qe6 {[%clk 0:59:13]} 15. Ng5
{[%clk 1:02:36]} Rxg5 {[%clk 0:58:55]} 16. Qxg5 {[%clk 1:03:00]} Ned7
{[%clk 0:58:19]} 17. h3 {[%clk 1:00:46]} O-O-O {[%clk 0:56:54]} 18. g4
{[%clk 0:58:48]} Bg6 {[%clk 0:57:04]} 19. c4 Rg8 {[%clk 0:53:08]} 20. Qe3
{[%clk 0:54:05]} Nb6 {[%clk 0:50:38]} 21. Qd4 {[%clk 0:53:51]} Nfd7
{[%clk 0:46:23]} 22. c5 {[%clk 0:54:09]} Na8 {[%clk 0:46:14]} 23. Bc4
{[%clk 0:47:13]} Qe7 {[%clk 0:46:35]} 24. c6 Ndb6 {[%clk 0:45:22]} 25. cxb7+
{[%clk 0:47:02]} Kxb7 {[%clk 0:45:39]} 26. Bb3 {[%clk 0:46:46]} Re8
{[%clk 0:43:19]} 27. Rhe1 {[%clk 0:45:46]} c5 {[%clk 0:40:05]} 28. Qc3
{[%clk 0:45:25]} Nc7 {[%clk 0:40:00]} 29. a4 {[%clk 0:43:27]} c4 {[%clk 0:38:52]}
30. Bxc4 {[%clk 0:43:37]} Nxa4 {[%clk 0:38:59]} 31. Qb3+ {[%clk 0:43:34]} Nb6
{[%clk 0:39:12]} 32. Kb1 {[%clk 0:39:23]} Ka8 {[%clk 0:35:53]} 33. Bb5
{[%clk 0:30:49]} Nxb5 {[%clk 0:35:26]} 34. Qxb5 {[%clk 0:31:14]} Rc8
{[%clk 0:35:51]} 35. Re3 {[%clk 0:30:51]} Qc7 {[%clk 0:34:31]} 36. Rc3
{[%clk 0:31:00]} Qb7 {[%clk 0:34:00]} 37. Rxc8+ {[%clk 0:31:22]} Qxc8
{[%clk 0:34:26]} 38. Rd8 {[%clk 0:31:21]} 1-0

[Event "European Youth Chess Championship G14"]
[Site "Prague, Top Hotel Prague"]
[Date "2012.08.24"]
[Round "8.11"]
[White "Bluhm, Sonja Maria"]
[Black "Edilsultanova, Zalina"]
[Result "1-0"]
[WhiteElo "1977"]
[BlackElo "1719"]
[PlyCount "83"]
[EventDate "2012.08.17"]

1. e4 c5 2. Nc3 Nc6 3. Bb5 Nd4 4. Bc4 e6 5. Nf3 Nf6 6. O-O d5 7. exd5 exd5 8.
Nxd5 Nxd5 9. Nxd4 cxd4 10. Qh5 Be6 11. Re1 Be7 12. Rxe6 g6 13. Bb5+ Kf8 14.
Qh6+ Kg8 15. Re1 Bg5 16. Qh3 Kg7 17. d3 Bxc1 18. Raxc1 Rc8 19. Qf3 Qg5 20. Bc4
Nf4 21. g3 b5 22. Bb3 Ne6 23. Bxe6 fxe6 24. Qb7+ Kh6 25. Qxa7 e5 26. Qd7 Rhf8
27. Qh3+ Kg7 28. Qe6 Rce8 29. Qa6 b4 30. Rcd1 Rf5 31. Qb7+ Re7 32. Qxb4 Ref7
33. Rf1 Qg4 34. Qd2 Qf3 35. Rde1 Rh5 36. Qe2 Qb7 37. b3 Rh3 38. Qxe5+ Kh6 39.
Qxd4 Rf5 40. Qe3+ Rg5 41. Qf4 Kh5 42. Re4 1-0

[Event "European Youth Chess Championship G14"]
[Site "Prague, Top Hotel Prague"]
[Date "2012.08.24"]
[Round "8.12"]
[White "Schnegg, Anna-Lena"]
[Black "Shapar, Tatiana"]
[Result "1-0"]
[WhiteElo "2088"]
[BlackElo "1845"]
[PlyCount "121"]
[EventDate "2012.08.17"]

1. e4 d5 2. exd5 Nf6 3. d4 Bg4 4. Nf3 Qxd5 5. Be2 Nc6 6. O-O O-O-O 7. Be3 e6 8.
Nbd2 h6 9. c4 Qf5 10. h3 Bh5 11. Kh1 g5 12. g4 Nxg4 13. hxg4 Qxg4 14. Rg1 Qh3+
15. Nh2 Bxe2 16. Qxe2 Nxd4 17. Bxd4 Rxd4 18. Qe5 Rh4 19. Rg2 Rg8 20. Qg3 Qxg3
21. fxg3 Rd4 22. Rf1 f5 23. Re1 Bb4 24. Nhf3 Rd3 25. a3 Bxd2 26. Nxd2 Rgd8 27.
Nf1 R8d6 28. Rge2 Kd7 29. Kg2 h5 30. Re3 R6d4 31. b3 h4 32. gxh4 Rxh4 33. Rg3
g4 34. Ne3 Rd2+ 35. Kg1 Rb2 36. Ng2 Rh6 37. Rd3+ Kc8 38. Nf4 Rbh2 39. Rxe6 Rh1+
40. Kf2 R6h2+ 41. Ng2 b6 42. Rf6 Ra1 43. Rg3 Ra2+ 44. Kg1 Rh3 45. Rxh3 gxh3 46.
Nf4 Rxa3 47. b4 Rc3 48. Rc6 Kd7 49. Rxc7+ Kxc7 50. Nd5+ Kc6 51. Nxc3 f4 52. Kh2
f3 53. Kxh3 Kd6 54. Na4 Ke5 55. Kg3 Kd4 56. c5 bxc5 57. bxc5 Ke3 58. Nc3 f2 59.
Kg2 a5 60. c6 a4 61. c7 1-0

[Event "European Youth Chess Championship G14"]
[Site "Prague, Top Hotel Prague"]
[Date "2012.08.24"]
[Round "8.13"]
[White "Dordzhieva, Dinara"]
[Black "Pychova, Nela"]
[Result "1-0"]
[WhiteElo "2055"]
[BlackElo "1786"]
[PlyCount "117"]
[EventDate "2012.08.17"]

1. e4 c5 2. Nf3 d6 3. c3 Nf6 4. Be2 g6 5. O-O Bg7 6. Re1 O-O 7. Bf1 Nc6 8. h3
e6 9. d4 cxd4 10. cxd4 d5 11. e5 Nd7 12. Nc3 a6 13. Bg5 f6 14. exf6 Nxf6 15.
Qd2 b5 16. Bh6 Re8 17. Bxg7 Kxg7 18. Ne5 Nxe5 19. Rxe5 Qd6 20. Rae1 Bd7 21. Qe3
Re7 22. g4 Rf7 23. Bg2 Rc8 24. Rc1 Qb4 25. b3 Qa3 26. Re1 Qb4 27. Nb1 Qa5 28.
a3 b4 29. Qd2 Qb6 30. axb4 Rb8 31. Qe3 Qxb4 32. Nd2 Rc8 33. Nf3 Ne4 34. Rxe4
dxe4 35. Qxe4 Bc6 36. Qe5+ Kg8 37. Ng5 Re7 38. d5 Bd7 39. dxe6 Be8 40. Bd5 Qc3
41. Qe4 Bc6 42. Rd1 Bxd5 43. Rxd5 Qf6 44. Re5 Rce8 45. Qd5 h6 46. Ne4 Qf3 47.
Kh2 Kg7 48. Qd4 Kh7 49. g5 Qf4+ 50. Kg2 Rf8 51. Qd6 Qf3+ 52. Kh2 Qf4+ 53. Kg1
Qc1+ 54. Kg2 Qc7 55. Qxc7 Rxc7 56. e7 Rfc8 57. Nf6+ Kh8 58. e8=Q+ Rxe8 59. Nxe8
1-0

[Event "European Youth Chess Championship G14"]
[Site "Prague, Top Hotel Prague"]
[Date "2012.08.24"]
[Round "8.14"]
[White "Gazikova, Veronika"]
[Black "Rakic, Teodora"]
[Result "1-0"]
[WhiteElo "2033"]
[BlackElo "1832"]
[PlyCount "70"]
[EventDate "2012.08.17"]

1. e4 c6 2. d4 d5 3. exd5 cxd5 4. c4 Nf6 5. Nc3 e6 6. Nf3 Nc6 7. Bg5 Be7 8. c5
O-O 9. Bb5 Bd7 10. O-O a6 11. Bxc6 Bxc6 12. Re1 h6 13. Bf4 Ne4 14. Rc1 Bg5 15.
Bxg5 Nxg5 16. Nxg5 Qxg5 17. Re5 Qh4 18. g3 Qf6 19. Qe2 g5 20. b4 Kh7 21. a4
Rfc8 22. b5 axb5 23. axb5 Bd7 24. Na4 Ra5 25. Nb6 Rc7 26. Qd2 Ra3 27. Qb2 Ra5
28. Qb4 Ra7 29. Nxd5 exd5 30. b6 Bh3 31. Qb3 Rxc5 32. dxc5 Ra1 33. Rxa1 Qxe5
34. Rd1 Bg4 35. Qxd5 Qf6 1-0

[Event "European Youth Chess Championship G14"]
[Site "Prague, Top Hotel Prague"]
[Date "2012.08.24"]
[Round "8.15"]
[White "Maslova, Polina"]
[Black "Valieva, Rufina"]
[Result "1-0"]
[WhiteElo "1867"]
[BlackElo "1928"]
[PlyCount "143"]
[EventDate "2012.08.17"]

1. e4 c5 2. Nf3 Nc6 3. d4 cxd4 4. Nxd4 e5 5. Nb5 d6 6. N1c3 a6 7. Na3 Be6 8.
Be2 Nf6 9. Bg5 Be7 10. Bxf6 Bxf6 11. Nc4 Nd4 12. Ne3 O-O 13. O-O Rc8 14. Bd3
Bg5 15. Ncd5 Nc6 16. Be2 Ne7 17. c4 Nc6 18. Nc2 f5 19. exf5 Bxf5 20. Bg4 Ne7
21. Nxe7+ Qxe7 22. Bxf5 Rxf5 23. b3 Rcf8 24. Qd5+ Kh8 25. Rad1 R5f6 26. Qd3 Bf4
27. g3 Bg5 28. Nb4 Qe6 29. Qe4 Qf7 30. Qe2 e4 31. Rd4 Re6 32. Rxe4 Rfe8 33.
Rxe6 Rxe6 34. Qg4 h6 35. Nd5 Re8 36. Rd1 Rf8 37. Qd4 Qf3 38. Rf1 Qe2 39. Qb6
Qxa2 40. h4 Bd2 41. Ne7 Qc2 42. Qxd6 Kh7 43. Qd7 Qe4 44. Qxd2 Qxe7 45. Re1 Qc5
46. Qe3 Qf5 47. Qe4 Qxe4 48. Rxe4 Rf6 49. c5 Rc6 50. Rb4 Rxc5 51. Rxb7 a5 52.
Kg2 h5 53. Kf3 Kh6 54. Ke3 g6 55. Kd4 Rc2 56. Rf7 Ra2 57. Kc4 a4 58. b4 Rc2+
59. Kd3 Rb2 60. Kc3 Rb1 61. Ra7 Rf1 62. Rxa4 Rxf2 63. Ra3 Rf3+ 64. Kb2 Rf2+ 65.
Kb3 g5 66. b5 gxh4 67. gxh4 Rf3+ 68. Kb2 Rf7 69. b6 Rb7 70. Rb3 Kg6 71. Kc3 Kf5
72. Rb4 1-0

[Event "European Youth Chess Championship G14"]
[Site "Prague, Top Hotel Prague"]
[Date "2012.08.24"]
[Round "8.16"]
[White "Hojjatova, Aydan"]
[Black "Dmochowska, Agnieszka"]
[Result "1-0"]
[WhiteElo "1920"]
[BlackElo "1770"]
[PlyCount "69"]
[EventDate "2012.08.17"]

1. d4 d5 2. Nf3 c5 3. e3 Nc6 4. b3 Nf6 5. Bb2 Bf5 6. Bd3 Bg6 7. a3 e6 8. O-O
Bd6 9. Qe2 O-O 10. Nbd2 Ne4 11. Rfd1 Qc7 12. c4 Nxd2 13. Qxd2 cxd4 14. Bxg6
hxg6 15. exd4 Na5 16. c5 Bf4 17. Qd3 Qe7 18. Rab1 Rac8 19. Bc3 Nc6 20. b4 Qd7
21. b5 Ne7 22. a4 Ra8 23. a5 a6 24. g3 Bc7 25. c6 bxc6 26. bxa6 Rfb8 27. Rb7
Qc8 28. Rdb1 Nf5 29. Ne5 Bxe5 30. dxe5 Kh7 31. Bd2 Nh6 32. Qb3 Rxb7 33. axb7
Qb8 34. bxa8=Q Qxa8 35. Qb7 1-0

[Event "European Youth Chess Championship G14"]
[Site "Prague, Top Hotel Prague"]
[Date "2012.08.24"]
[Round "8.17"]
[White "Kubosova, Jana"]
[Black "Janska, Jitka"]
[Result "1-0"]
[WhiteElo "1497"]
[BlackElo "1892"]
[PlyCount "81"]
[EventDate "2012.08.17"]

1. d4 d5 2. Nf3 Nf6 3. e3 e6 4. Bd3 Be7 5. O-O O-O 6. Nbd2 c5 7. c3 b6 8. Re1
Bb7 9. e4 dxe4 10. Nxe4 cxd4 11. Nxd4 e5 12. Nf5 Bxe4 13. Rxe4 Nxe4 14. Qg4 Ng5
15. Be4 Bf6 16. Bxg5 Bxg5 17. Rd1 Qc7 18. Qxg5 f6 19. Qg4 Na6 20. Rd7 Qxd7 21.
Nh6+ Kh8 22. Qxd7 Nc5 23. Nf7+ Rxf7 24. Qxf7 Nxe4 25. Qd5 Rb8 26. Qxe4 h6 27.
Kf1 Rd8 28. Ke2 Rd7 29. h4 Kg8 30. Qc6 Re7 31. b4 Kf7 32. c4 Re6 33. Qa8 Re7
34. c5 Ke6 35. Qc6+ Kf5 36. cxb6 axb6 37. Qxb6 Re8 38. Qb7 Rd8 39. Qxg7 Rd4 40.
b5 Rb4 41. Qd7+ 1-0

[Event "European Youth Chess Championship G14"]
[Site "Prague, Top Hotel Prague"]
[Date "2012.08.24"]
[Round "8.18"]
[White "Wu, Min"]
[Black "Dadello, Aleksandra"]
[Result "1-0"]
[WhiteElo "1831"]
[BlackElo "1888"]
[PlyCount "71"]
[EventDate "2012.08.17"]

1. e4 e6 2. d4 d5 3. Nd2 c5 4. exd5 Qxd5 5. Ngf3 cxd4 6. Bc4 Qd6 7. O-O Nf6 8.
Nb3 Nc6 9. Nbxd4 Nxd4 10. Nxd4 a6 11. b3 Qc7 12. Bb2 Bd6 13. Nf3 Bd7 14. Qe2
O-O-O 15. Ne5 Be8 16. a3 Nd7 17. Nf3 Rg8 18. Bd3 Nc5 19. Rfd1 Kb8 20. Rab1 f6
21. b4 Nxd3 22. cxd3 Bc6 23. Kh1 Qf7 24. Nd4 Bd5 25. b5 Qg6 26. f3 Qh6 27. g4
axb5 28. Rf1 Qh4 29. Nxb5 Bf4 30. Bd4 Rc8 31. Ba7+ Ka8 32. Bg1 Rc6 33. Rb4 Qxg4
34. Ra4+ Kb8 35. Qf2 Rc1 36. Ra8+ 1-0

[Event "European Youth Chess Championship G14"]
[Site "Prague, Top Hotel Prague"]
[Date "2012.08.24"]
[Round "8.19"]
[White "Vasova, Maria"]
[Black "Menzi, Nezihe Ezgi"]
[Result "0-1"]
[WhiteElo "1804"]
[BlackElo "1876"]
[PlyCount "82"]
[EventDate "2012.08.17"]

1. e4 c5 2. Nf3 d6 3. Bb5+ Nc6 4. Nc3 Bd7 5. a4 g6 6. d3 Bg7 7. O-O a6 8. Bc4
Nf6 9. h3 O-O 10. Bf4 Na5 11. Ba2 b5 12. axb5 axb5 13. e5 dxe5 14. Nxe5 Be8 15.
Re1 Nc6 16. Nxc6 Bxc6 17. Qe2 b4 18. Nd1 Bd5 19. c4 Be6 20. Ne3 Qd4 21. Bg5 h6
22. Bxf6 Bxf6 23. Reb1 Rfd8 24. Nd5 Bf5 25. Nxf6+ exf6 26. Rd1 Bxd3 27. Qd2 Kg7
28. b3 Bxc4 29. Qc2 Bd3 30. Qd2 Qc3 31. Rac1 Qe5 32. Re1 Qg5 33. Qb2 Bf5 34.
Re3 Bxh3 35. g3 Qd5 36. f3 Qd2 37. Re2 Qxb2 38. Rxb2 Bf5 39. Rxc5 Rd1+ 40. Kf2
Ra1 41. Rxf5 R1xa2 0-1

[Event "European Youth Chess Championship G14"]
[Site "Prague, Top Hotel Prague"]
[Date "2012.08.24"]
[Round "8.20"]
[White "Imanly, Magrura"]
[Black "Gueci, Tea"]
[Result "1/2-1/2"]
[WhiteElo "1670"]
[BlackElo "1917"]
[Annotator "K,M"]
[PlyCount "86"]
[EventDate "2012.08.17"]

1. e4 c5 2. Nc3 Nc6 3. g3 g6 4. Bg2 Bg7 5. d3 Rb8 6. Be3 b5 7. Rb1 b4 8. Nce2
Qa5 9. b3 e6 10. f4 Nge7 11. Nf3 O-O 12. O-O d6 13. g4 f5 14. g5 Ba6 15. Nd2
Rfd8 16. Rf3 Qxa2 17. Rh3 Qa5 18. Qe1 Qc7 19. Qh4 Kf7 20. Ng3 Nd4 21. Bxd4
Bxd4+ 22. Kf1 Rh8 23. exf5 exf5 24. Ne2 Bg7 25. Re1 Bb7 26. Bxb7 Rxb7 27. Ng1
Bc3 28. Re2 Nd5 29. Nc4 Bg7 30. Rf3 Nb6 31. Rfe3 Nc8 32. Qe1 Bc3 33. Qh4 Qd8
34. Re6 Re7 35. Nxd6+ Kf8 36. Nxc8 Rxe6 37. Rxe6 Qxc8 38. Re2 Qc6 39. Qg3 Kf7
40. Nf3 Re8 41. Ne5+ Bxe5 42. fxe5 Qh1+ $11 43. Kf2 Re6 $11 1/2-1/2

[Event "European Youth Chess Championship G14"]
[Site "Prague, Top Hotel Prague"]
[Date "2012.08.24"]
[Round "8.21"]
[White "Malassagne, Isabelle"]
[Black "Suchomelova, Simona"]
[Result "1/2-1/2"]
[WhiteElo "1897"]
[BlackElo "1742"]
[PlyCount "50"]
[EventDate "2012.08.17"]

1. d4 d5 2. c4 c6 3. Nf3 Nf6 4. Nc3 e6 5. Bg5 Be7 6. e3 O-O 7. Qc2 Nbd7 8. Bd3
dxc4 9. Bxc4 Nd5 10. Bxe7 Qxe7 11. O-O N7f6 12. Ne5 Nxc3 13. bxc3 c5 14. Rab1
b6 15. Be2 Bb7 16. Bf3 Bxf3 17. Nxf3 Rac8 18. Qb2 Rc7 19. Rbc1 Rfc8 20. h3 Nd5
21. Ne5 h6 22. a3 Qg5 23. Nf3 Qe7 24. Ne5 Qg5 25. Nf3 Qe7 {Reklamace 3x opak
po 26.Je5} 1/2-1/2

[Event "European Youth Chess Championship G14"]
[Site "Prague, Top Hotel Prague"]
[Date "2012.08.24"]
[Round "8.22"]
[White "Dakhundaridze, Nino"]
[Black "Santeramo, Alessia"]
[Result "0-1"]
[WhiteElo "1635"]
[BlackElo "1867"]
[PlyCount "112"]
[EventDate "2012.08.17"]

1. e4 c5 2. Nf3 e6 3. d4 cxd4 4. Nxd4 a6 5. Be3 Qc7 6. Nc3 Bb4 7. Qd2 Nf6 8.
Bd3 d5 9. a3 Bxc3 10. bxc3 dxe4 11. Be2 O-O 12. c4 Rd8 13. Rd1 Nc6 14. O-O e5
15. c3 exd4 16. cxd4 Bg4 17. h3 Bxe2 18. Qxe2 Na5 19. Rc1 Rac8 20. c5 Nd5 21.
Bg5 Re8 22. Qa2 Qd7 23. Rfe1 Nc6 24. Rcd1 Nc3 25. Qc4 Nxd1 26. Rxd1 Ne5 27. Qe2
Nd3 28. Be3 Rcd8 29. Rb1 f5 30. f4 Rb8 31. Qc2 Qd5 32. Kh2 Rec8 33. Qd2 Nxc5
34. dxc5 Qxd2 35. Bxd2 Rxc5 36. Be3 Rb5 37. Rxb5 axb5 38. Kg3 Ra8 39. Bc5 Kf7
40. Kf2 Ke6 41. Ke3 Kd5 42. Bb4 Kc4 43. g4 g6 44. g5 Kb3 45. Kd4 Rxa3 46. Bc5
Ra4+ 47. Ke3 Kc4 48. Bd6 b4 49. h4 b3 50. Be5 Ra5 51. Bb2 Rd5 52. Ba1 Rd3+ 53.
Ke2 Rh3 54. h5 Kb4 55. hxg6 hxg6 56. Be5 b2 0-1

[Event "European Youth Chess Championship G14"]
[Site "Prague, Top Hotel Prague"]
[Date "2012.08.24"]
[Round "8.23"]
[White "Glapa, Anna"]
[Black "Bulmaga, Elena"]
[Result "0-1"]
[WhiteElo "1594"]
[BlackElo "1809"]
[PlyCount "108"]
[EventDate "2012.08.17"]

1. e4 c6 2. d4 d5 3. exd5 cxd5 4. Bd3 Nc6 5. c3 Qc7 6. Ne2 Bg4 7. f3 Bh5 8. O-O
e6 9. Bf4 Bd6 10. Bxd6 Qxd6 11. Nd2 Nf6 12. Qc2 Rc8 13. a3 O-O 14. Rae1 a6 15.
f4 Bxe2 16. Rxe2 Nxd4 17. Qd1 Nxe2+ 18. Qxe2 Qb6+ 19. Kh1 Qxb2 20. Rb1 Qxc3 21.
Rxb7 Qa1+ 22. Rb1 Rc1+ 23. Rxc1 Qxc1+ 24. Nf1 Qxf4 25. Bxa6 g6 26. h3 Rb8 27.
Bb5 Rc8 28. a4 Rc1 29. a5 Ne4 30. Qf3 Ng3+ 31. Kg1 Qxf3 32. gxf3 Nxf1 33. Bxf1
Ra1 34. a6 d4 35. Kf2 e5 36. Bc4 Kg7 37. Ke2 f5 38. Kd2 e4 39. fxe4 fxe4 40. h4
d3 41. h5 gxh5 42. Ke3 h4 (42... Rxa6 43. Bxa6) 43. Bd5 Rxa6 44. Bxe4 h3 45.
Bxd3 Rh6 46. Ke2 h2 47. Be4 Re6 48. Kf2 Rxe4 49. Kg2 Rh4 50. Kh1 Rh5 51. Kg2
h1=Q+ 52. Kg3 Rf5 53. Kg4 Qf3+ 54. Kh4 Rh5# 0-1

[Event "European Youth Chess Championship G14"]
[Site "Prague, Top Hotel Prague"]
[Date "2012.08.24"]
[Round "8.24"]
[White "Sagadijeva, Anna"]
[Black "Dzurjaninova, Hana"]
[Result "1-0"]
[WhiteElo "1890"]
[BlackElo "1544"]
[PlyCount "93"]
[EventDate "2012.08.17"]

1. c4 e5 2. Nc3 Nf6 3. Nf3 Nc6 4. g3 d5 5. cxd5 Nxd5 6. Bg2 Be6 7. O-O Be7 8.
d3 O-O 9. a3 h6 10. Qc2 Qd7 11. Rd1 Bf6 12. Ne4 Rfd8 13. Nxf6+ Nxf6 14. Bd2 Nd5
15. b4 a6 16. Bc3 Nxc3 17. Qxc3 Nd4 18. Nxd4 exd4 19. Qc5 c6 20. Rdc1 Rac8 21.
a4 Qc7 22. b5 Bd5 23. Bxd5 Rxd5 24. Qxd5 cxd5 25. Rxc7 Rxc7 26. bxa6 bxa6 27.
Rb1 Rc2 28. Kf1 Ra2 29. Rb4 Ra1+ 30. Kg2 Ra2 31. Kf3 Rc2 32. Rxd4 Rc5 33. e4
dxe4+ 34. Kxe4 f5+ 35. Ke3 Kf7 36. Rc4 Re5+ 37. Kd2 a5 38. d4 Rd5 39. Kd3 Ke7
40. Rc5 Kd6 41. Rxd5+ Kxd5 42. f4 h5 43. h3 g6 44. h4 Kd6 45. Kc4 Kc6 46. d5+
Kd6 47. Kd4 1-0

[Event "European Youth Chess Championship G14"]
[Site "Prague, Top Hotel Prague"]
[Date "2012.08.24"]
[Round "8.25"]
[White "Keetman, Maaike"]
[Black "Semonaviciute, Agne"]
[Result "0-1"]
[WhiteElo "1802"]
[BlackElo "1656"]
[PlyCount "118"]
[EventDate "2012.08.17"]

1. e4 e5 2. Nf3 Nf6 3. Nc3 Bb4 4. d3 d6 5. Be2 O-O 6. O-O h6 7. Bd2 Nc6 8. a3
Bxc3 9. Bxc3 Re8 10. Qe1 d5 11. exd5 Qxd5 12. Qd2 Bg4 13. Rfe1 Rad8 14. Rad1
Qd6 15. Nh4 Bc8 16. Nf3 Nd5 17. Bf1 Qf6 18. h3 Bxh3 19. Nxe5 Nxc3 20. Nxc6 Qxc6
21. Qxc3 Qxc3 22. bxc3 Bf5 23. g3 Kf8 24. Bg2 b6 25. Kf1 c5 26. Bc6 Rxe1+ 27.
Rxe1 c4 28. dxc4 Bxc2 29. Bd5 Re8 30. Rxe8+ Kxe8 31. Ke2 f6 32. Ke3 Ke7 33. Kd4
Kd6 34. Bf3 Bf5 35. Be2 g6 36. Bf3 h5 37. Be2 Be6 38. g4 h4 39. Bf1 Bd7 40. Bh3
Bc6 41. f4 g5 42. f5 Bf3 43. Ke3 Bd1 44. Kd4 Be2 45. c5+ bxc5+ 46. Ke3 Bd1 47.
Kd2 Ba4 48. Ke3 Kd5 49. Bf1 Bd1 50. c4+ Ke5 51. Bh3 Bb3 52. Bf1 h3 53. Bxh3
Bxc4 54. Bg2 Bb3 55. Bf3 c4 56. Kd2 Kd4 57. Be2 c3+ 58. Kc1 Ke3 59. Bf1 Kf3 0-1

[Event "European Youth Chess Championship G14"]
[Site "Prague, Top Hotel Prague"]
[Date "2012.08.24"]
[Round "8.26"]
[White "Jinely, Tamar"]
[Black "Bohanesova, Vendula"]
[Result "1-0"]
[WhiteElo "1789"]
[BlackElo "1653"]
[PlyCount "61"]
[EventDate "2012.08.17"]

1. e4 e6 2. d4 d5 3. Nd2 c5 4. exd5 Qxd5 5. dxc5 Bxc5 6. Ngf3 Nf6 7. Bc4 Qd6 8.
Qe2 Nc6 9. O-O O-O 10. Ne4 Nxe4 11. Qxe4 h6 12. Bf4 Qe7 13. Rad1 Bd7 14. a3
Rac8 15. b4 Bb6 16. Bd6 Qe8 17. Bxf8 Kxf8 18. Qd3 Rd8 19. Qh7 Ne7 20. Ne5 Ba4
21. Rxd8 Qxd8 22. Bd3 Qc7 23. Nc4 Bxc2 24. Bxc2 Qxc4 25. Qh8+ Ng8 26. Bh7 Qb3
27. Qxg8+ Ke7 28. Qxg7 Qxa3 29. Bg6 Qxb4 30. Qxf7+ Kd6 31. Qf8+ 1-0

[Event "European Youth Chess Championship G14"]
[Site "Prague, Top Hotel Prague"]
[Date "2012.08.24"]
[Round "8.27"]
[White "Parhomenko, Margarita"]
[Black "Fuskova, Martina"]
[Result "0-1"]
[WhiteElo "1591"]
[BlackElo "1752"]
[PlyCount "80"]
[EventDate "2012.08.17"]

1. Nf3 Nf6 2. b3 g6 3. Bb2 Bg7 4. g3 b6 5. Bg2 Bb7 6. O-O O-O 7. d4 d6 8. c4
Nbd7 9. Nc3 e6 10. Qc2 c5 11. Nb5 Qe7 12. Rad1 d5 13. Ne5 a6 14. Na3 cxd4 15.
Nf3 e5 16. Qb1 Rac8 17. Nc2 dxc4 18. Ba3 Nc5 19. bxc4 Qc7 20. Nb4 Rfd8 21. Nd3
e4 22. Bxc5 bxc5 23. Nxc5 exf3 24. exf3 Qxc5 25. Qxb7 Qxc4 26. f4 Qxa2 27. Ra1
Qc2 28. Qxa6 d3 29. Ra2 Qc3 30. Rd1 Qd4 31. Ra4 Qd7 32. Ra2 Rc2 33. Rda1 Qd4
34. Rf1 Ng4 35. Ra4 Qb2 36. Qa5 Bf6 37. Qe1 Bd4 38. Rb4 Qa2 39. h3 Rxf2 40. Kh1
Rxg2 0-1

[Event "European Youth Chess Championship G14"]
[Site "Prague, Top Hotel Prague"]
[Date "2012.08.24"]
[Round "8.28"]
[White "Rodriguez Manzaneda, Irene"]
[Black "Kanakova, Natalka"]
[Result "1-0"]
[WhiteElo "1734"]
[BlackElo "1652"]
[PlyCount "123"]
[EventDate "2012.08.17"]

1. e4 c5 2. d3 Nc6 3. g3 g6 4. Bg2 Bg7 5. f4 e6 6. Nf3 Nge7 7. O-O O-O 8. c3
Rb8 9. Be3 b6 10. Bf2 Bb7 11. Na3 d5 12. e5 Nf5 13. g4 Nfe7 14. Nc2 f6 15. exf6
Rxf6 16. Bg3 Rc8 17. Qe2 Qd7 18. Bh3 Rff8 19. Rae1 Nd8 20. Ng5 Rc6 21. Nf3 Nf7
22. Bg2 b5 23. d4 c4 24. Bh4 Nc8 25. Bh3 Nd8 26. Bxd8 Qxd8 27. Ng5 Re8 28. Nf3
Rf8 29. Qe3 Qd7 30. g5 Re8 31. f5 gxf5 32. Bxf5 Nb6 33. Bg4 Bc8 34. Nh4 Rf8 35.
Rxf8+ Bxf8 36. Rf1 Qg7 37. Rf6 Be7 38. Bxe6+ Bxe6 39. Rxe6 Rxe6 40. Qxe6+ Kf8
41. Qf5+ Kg8 42. Nf3 Qf7 43. Qxf7+ Kxf7 44. Ne3 Ke6 $11 45. h4 Nd7 46. Kg2 Nf8
47. h5 b4 48. Kg3 b3 49. a3 Bd6+ 50. Kg4 a5 51. Nf5 Bc7 52. N5h4 Kf7 53. Kf5
Bd6 54. g6+ hxg6+ 55. Nxg6 Nh7 56. Nge5+ Kg7 57. Ke6 Bf8 58. Kxd5 Nf6+ 59. Kxc4
a4 60. Kb5 Nxh5 61. Kxa4 Nf4 62. Kxb3 1-0

[Event "European Youth Chess Championship G14"]
[Site "Prague, Top Hotel Prague"]
[Date "2012.08.24"]
[Round "8.29"]
[White "Rouffignac, Marie"]
[Black "Kubicka, Anna"]
[Result "0-1"]
[WhiteElo "1715"]
[BlackElo "1642"]
[PlyCount "108"]
[EventDate "2012.08.17"]

1. Nf3 d5 2. g3 c6 3. Bg2 Nf6 4. O-O e6 5. d3 Bd6 6. Nbd2 O-O 7. b3 Nbd7 8. Bb2
a5 9. a3 b5 10. c4 bxc4 11. dxc4 Rb8 12. Re1 Qe7 13. e4 Bc5 14. exd5 cxd5 15.
Ne5 Nxe5 16. Bxe5 Bd6 17. Bxf6 Qxf6 18. cxd5 Be5 19. Rb1 exd5 20. Qf3 Qxf3 21.
Nxf3 Bc3 22. Red1 Bf5 23. Rbc1 Rxb3 24. Rxd5 Be4 25. Nd4 Bxd5 26. Nxb3 Bxb3 27.
Rxc3 a4 28. Rc7 g6 29. Bc6 Rd8 30. Ra7 Rd1+ 31. Kg2 Ra1 32. Bxa4 Bd5+ 33. Kh3
Rxa3 34. Ra6 Ra2 35. Bb5 Rxf2 36. g4 Rf3+ 37. Kh4 h6 38. g5 hxg5+ 39. Kxg5 Rh3
40. Rd6 Rxh2 41. Kf4 Be6 42. Bc6 Kg7 43. Be4 Rh4+ 44. Ke3 g5 45. Rb6 Rh3+ 46.
Kd4 Rb3 47. Ra6 Rb4+ 48. Ke3 Rb3+ 49. Kf2 Rc3 50. Rb6 g4 51. Rd6 Kf6 52. Rd8
Ke5 53. Bb1 g3+ 54. Kg2 Bd5+ 0-1

[Event "European Youth Chess Championship G14"]
[Site "Prague, Top Hotel Prague"]
[Date "2012.08.24"]
[Round "8.30"]
[White "Pashkuridze, Tamar"]
[Black "Kahya, Gizem"]
[Result "1/2-1/2"]
[WhiteElo "1538"]
[BlackElo "1705"]
[PlyCount "80"]
[EventDate "2012.08.17"]

1. d4 d5 2. Nf3 Nf6 3. c4 e6 4. Bg5 Be7 5. e3 Nbd7 6. cxd5 exd5 7. Nc3 c6 8.
Bd3 O-O 9. O-O Re8 10. Qc2 Nf8 11. Rab1 Ne4 12. Bxe7 Qxe7 13. b4 Nxc3 14. Qxc3
Nd7 15. Rfc1 Nb6 16. Qc2 g6 17. a4 Be6 18. b5 Rac8 19. Qb3 cxb5 20. Bxb5 Red8
21. a5 Rxc1+ 22. Rxc1 Nc4 23. Qa4 Rc8 24. h3 f5 25. a6 b6 26. Rc3 Na5 27. Rxc8+
Bxc8 28. Ne5 Qc7 29. Nc6 Nxc6 30. Bxc6 Be6 31. Bb7 Kf8 32. Qa2 Qd6 33. Qc2 Ke7
34. Bc8 Kd8 35. Bb7 Qc7 36. Qa2 Qd6 37. Qc2 Qc7 38. Qa2 Qd6 39. Qc2 Qc7 40. Qa2
Qd6 1/2-1/2

[Event "European Youth Chess Championship G14"]
[Site "Prague, Top Hotel Prague"]
[Date "2012.08.24"]
[Round "8.31"]
[White "Kafetzi, Angeliki"]
[Black "Verstraeten, Iris"]
[Result "1-0"]
[WhiteElo "1687"]
[BlackElo "1639"]
[PlyCount "57"]
[EventDate "2012.08.17"]

1. e4 e5 2. Nf3 Nf6 3. Nxe5 d6 4. Nf3 Nxe4 5. Nc3 Nxc3 6. dxc3 Nc6 7. Bd3 g6 8.
Bf4 Bg7 9. Qd2 O-O 10. O-O-O Be6 11. Kb1 a5 12. h4 a4 13. a3 Ne5 14. Nxe5 dxe5
15. Bh6 Qd5 16. c4 Qc6 17. Bxg7 Kxg7 18. Qe3 Bxc4 19. Bxc4 Qxc4 20. Qxe5+ f6
21. Qg3 Ra5 22. h5 Rg5 23. Qf3 b5 24. Rd7+ Kg8 25. hxg6 Rxg6 26. Rdxh7 c6 27.
Qf5 Qg4 28. Qc5 Rc8 29. Qe7 1-0